Name that Object #2 - Statistics

General Stats
  • This quiz has been taken 15,358 times
  • The average score is 15 of 20
Answer Stats
Picture Answer % Correct
Dominoes
96%
Eraser
96%
Horseshoe
95%
Mouse Trap
95%
Pencil Sharpener
94%
Garden {Gnome}
89%
Candy Cane
88%
Clipboard
88%
iPod
88%
Magnet
86%
Corset
84%
Staple Remover
67%
Metronome
66%
Mortar & Pestle
62%
Gazebo
60%
Router
60%
Foam Hand
55%
French Press
53%
Coffee Filter
47%
Rickshaw
45%
No matching quizzes found
Score Distribution
Percent of People with Each Score
Percentile by Number Answered
Your Score History
You have not taken this quiz